=LDR 00000nam 2200000 4500 =001 INLIS000000000013557 =005 20130612104931 =008 ***********************************Ind** =035 ##$$0010-061300000013557 =041 ##$$a Ind =082 ##$$a 910.201 4 =090 ##$$a 910.201 4, Dar i =100 ##$$a Darmajati, R.S =245 ##$$a istilah - Istilah Dunia Pariwisata, R.S. darmajati =260 ##$$a (s.a) $b jakarta =300 ##$$a 145 hlm, 21 cm =650 ##$$a Pariwisata, industri - Termiwologi =850 ##$$a NBPNMAT =990 ##$$a 0001/BPAP-NTB/2016